Представление документа в формате RUSMARC

ПолеНазваниеЗначение
  Тип записи i
  Библиографический уровень m
001 Контрольный номер RU/IS/BASE/395749464
005 Дата корректировки 20201206204832.5
010 Индекс ISBN __
d Цена 152-69
101 Язык документа 0_
a Язык текста fre
200 Заглавие и сведения об ответственности 1_
a Заглавие Nouvelle Classique de France
e Сведения, относящиеся к заглавию [аудиокнига]
f Первые сведения об ответственности lu par Clotilde Tonnerre et Sabine Ilina
b Общее обозначение материала Звукозапись
200 Заглавие и сведения об ответственности __
d Параллельное заглавие Классическая французская новелла
210 Выходные данные __
a Место издания М.
c Издательство АРДИС
d Дата издания 2010
215 Физическое описание __
a Объем 1 электрон. опт. диск (Audio CD) (03 ч. 08 мин.)
225 Серия __
a Серия Литература на иностранных языках
225 Серия __
a Серия Аудиокнига
300 Общие примечания __
a Общие примечания MP3 ; 192Kbps ; 44.1Hz ; stereo. - Текст на фр. яз.
327 Примечание о содержании __
a Примечание о содержании Mateo Falcone / Prosper Merimee
327 Примечание о содержании __
a Примечание о содержании La Chambre bleue / Prosper Merimee
327 Примечание о содержании __
a Примечание о содержании Boule de Suif / Guy de Maupassant
327 Примечание о содержании __
a Примечание о содержании La Parure / Guy de Maupassant
327 Примечание о содержании __
a Примечание о содержании Матео Фальконе : на фр. яз. / Проспер Мериме
327 Примечание о содержании __
a Примечание о содержании Голубая комната : на фр. яз. / Проспер Мериме
327 Примечание о содержании __
a Примечание о содержании Пышка : на фр. яз. / Ги де Мопассан
327 Примечание о содержании __
a Примечание о содержании Ожерелье : на фр. яз. / Ги де Мопассан
330 Аннотация __
a Аннотация Острый захватывающий сюжет и стилистически отточенная форма, глубокие пронзительные чувства и яркие рельефные образы сделали короткие рассказы Проспера Мериме и Ги де Мопассана классикой новеллистического жанра.
333 Примечание о целевом назначении __
a Примечание о целевом назначении 16+. Для детей старше 16 лет
606 Тематические рубрики __
a Основная рубрика Литература Европы (произведения)
a Основная рубрика Художественная литература
y Географическая подрубрика Франция
610 Ключевые слова __
a Ключевые слова зарубежная литература; французская литература; рассказы; новеллы; тема судьбы; тема общества; тема любви; тема женщины
686 Индексы других классификаций __
a Классификационный индекс 84(4Фра)-4я04
702 Вторичная интеллектуальная ответственность _1
a Фамилия Мопассан
b Имя Г. де
4 Код отношения Автор
4 Код отношения 070
702 Вторичная интеллектуальная ответственность _1
a Фамилия Мериме
b Имя П.
4 Код отношения Автор
4 Код отношения 070
801 Источник записи _0
a Страна RU
b Организация Муниципальное бюджетное учреждение культуры "Централизованная библиотечная система" г. Сургут (Центральная городская библиотека им. А. С. Пушкина)
g Правила каталогизации КиК/Котельникова
801 Источник записи _1
a Страна RU
b Организация Муниципальное бюджетное учреждение культуры "Централизованная библиотечная система" г. Сургут (Центральная городская библиотека им. А. С. Пушкина)
g Правила каталогизации КиК/Котельникова
852 Данные о местонахождении __
j Шифр хранения 84(4Фра)-4я04
i Авторский знак N 88
901 Тип документа __
t Тип документа 0
903 Характеристики (МАРС) __
a Дата передачи 20120716
969 Тип издания __
a Тип издания аудиокнига
990 Данные о заказе (DOS) __
j Количество экземпляров (DOS) 1
h N записи в КСУ для Б/У (DOS) 201207